| 000 | 00598 a2200181 4500 | ||
|---|---|---|---|
| 999 |
_c183204 _d183204 |
||
| 005 | 20220218164829.0 | ||
| 010 | _aENG-130430 | ||
| 020 |
_a978-93-91370-42-8 _c550.00 |
||
| 035 | _aEN-113962 | ||
| 037 | _bDBAD/PUB | ||
| 082 |
_a158.1 _b1 |
||
| 100 | _aSabnavis, Charu | ||
| 245 |
_aBuild Your Personal Brand/ _cCharu Sabnavis |
||
| 260 |
_aNew Delhi _bSage Publications India Pvt Ltd. _c2021 |
||
| 270 |
_aB-I/I-I, Mohan Cooperative Industrial Area, Mathura Road _bNew Delhi _e110044 |
||
| 300 |
_axv, 279p. _c22cm (pbk) _bAbout the Author |
||
| 942 |
_adpl _cEN _2ddc _h158.1 _mSAB |
||